Logo BPK

Biblioteka

Politechniki Koszalińskiej

Rysunek techniczny : (Rekord nr 17768)

Szczegóły MARC
000 -ETYKIETA REKORDU
podpole kontrolne o stałej długości 00390nam a2200145 i 4500
001 - NUMER KONTROLNY REKORDU
pole kontrolne bg
040 ## - ŹRÓDŁO KATALOGOWANIA
Instytucja, która utworzyła rekord BPK
041 ## - KOD JĘZYKA
Kod języka tekstu pol
080 ## - UNIWERSALNA KLASYFIKACJA DZIESIĘTNA - UKD
UKD 744:621](075.8)
008 - POLE O STAŁEJ DŁUGOŚCI - DANE KONTROLNE
podpole kontrolne o stałej długości s pl f |000 0 pol
100 1# - NAZWA OSOBOWA
Nazwa osobowa DROZDOWSKI, Józef
245 #0 - TYTUŁ/ODPOWIEDZIALNOŚĆ
Tytuł Rysunek techniczny :
Ciąg dalszy tytułu podręcznik dla studentów I i II roku studiów /
Pozostałe elementy strefy tytułu i oznaczenia odpowiedzialności Józef Drozdowski.
260 ## - STREFA ADRESU WYDAWNICZEGO
Miejsce wydania Szczecin,
Data publikacji, dystrybucji/powstania dokumentu 1977.
856 ## - LOKALIZACJA I DOSTĘP DO ELEKTRONICZNYCH DOKUMENTÓW ZDALNYCH
Link (URL) http://koha.tu.koszalin.pl/cgi-bin/koha/opac-detail.pl?biblionumber=17768
Tekst linku Katalog online BPK
942 ## - DODATKOWE ELEMENTY (KOHA)
Typ dokumentu Książka
Egzemplarze
Wycofany Status egzemplarza Uszkodzony Dostępność Lokalizacja stała Lokalizacja bieżąca Miejsce przechowywania Sygnatura Kod kreskowy Typ dokumentu
      Dostępny Biblioteka Politechniki Koszalińskiej Biblioteka Politechniki Koszalińskiej Wypożyczalnia BG 23345 01249002 Książka
© 2023 Biblioteka Politechniki Koszalińskiej :: KOHA